| Tag |
First Indicator |
Second Indicator |
Subfields |
| LEADER |
00000nam a2200000Ia 4500 |
| 001 |
in00004314521 |
| 005 |
20200812084832.0 |
| 006 |
m g d |
| 007 |
cr bn |||a|bb| |
| 008 |
981106s1699 enk o 00| | eng d |
| 035 |
|
|
|a (UnM)99896447
|
| 037 |
|
|
|a CL0037000099
|b ProQuest Information and Learning. 300 N. Zeeb Rd., Ann Arbor, MI 48106
|
| 040 |
|
|
|a Cu-RivES
|c Cu-RivES
|e dcrb
|d WaOLN
|
| 100 |
1 |
|
|a Mayne, John,
|d fl. 1673-1675.
|
| 245 |
1 |
4 |
|a The practical gauger: being a plain and easie method of gauging all sorts of brewing-vessels :
|b Whereunto is added a short synopsis of the laws of excise, now in force. By John Mayne.
|
| 250 |
|
|
|a The fifth edition, corrected and enlarged with the addition of the duty upon malt.
|
| 260 |
|
|
|a London :
|b printed for J. Phillips, at the King's-Arms in St. Paul's-Church-yard, H. Rhodes, at the Star, the corner of Bride-Lane in Fleet-street, and J. Taylor at the Ship in St. Paul's-Church-yard,
|c 1699.
|
| 300 |
|
|
|a 1 online resource ([8], 118, [2] pages)
|
| 336 |
|
|
|a text
|b txt
|2 rdacontent
|
| 337 |
|
|
|a computer
|b c
|2 rdamedia
|
| 338 |
|
|
|a online resource
|b cr
|2 rdacarrier
|
| 500 |
|
|
|a With a final advertisement leaf.
|
| 500 |
|
|
|a Reproduction of original in the Folger Shakespeare Library.
|
| 510 |
4 |
|
|a Wing (CD-ROM, 1996)
|c M1483A
|
| 533 |
|
|
|a Electronic reproduction.
|b Ann Arbor, Mich. :
|c UMI,
|d 1999-
|f (Early English books online)
|n Digital version of: (Early English books, 1641-1700 ; 2409:4)
|7 s1999 miun s
|
| 650 |
|
0 |
|a Gaging
|v Early works to 1800.
|
| 830 |
|
0 |
|a Early English books online.
|
| 856 |
4 |
0 |
|u http://proxy.library.tamu.edu/login?url=https://search.proquest.com/docview/2240943147
|z Connect to the full text of this electronic book
|t 0
|
| 999 |
f |
f |
|s 6398712f-062b-3334-b8c2-29ea1f9998ed
|i 43a9a122-1299-379c-8c47-62e5c7546fe4
|t 0
|
| 952 |
f |
f |
|a Texas A&M University
|b College Station
|c Electronic Resources
|d Available Online
|t 0
|h No information provided
|
| 998 |
f |
f |
|t 0
|l Available Online
|